000 00642nam a2200205 i 4500
001 128106
003 ES-MaACL
005 20250402175001.0
007 t|
008 070214s1962 sp |||| |cspa d
080 _a929(100)
100 1 _aRocamora, Pedro,
_d1910-1993
_9156813
245 1 0 _aGenios y espectros /
_cPedro Rocamora.
260 _aMadrid :
_bConsejo Superior de Investigaciones Científicas,
_c1962.
300 _a196 p. ;
_c24 cm.
650 4 _aBiografías.
_910574
710 2 _aConsejo Superior de Investigaciones Científicas (España)
_93236
852 _aES-MaACL
_jC-24086
999 _c128106
_d128106